000 00831nam a22002657a 4500
001 6913
003 FISKH
005 20250807145525.0
008 250606b cb ||||| |||| 00| 0 eng d
020 _a9781595151551
040 _aFISKH
_beng
_cFISKH
_dFISKH
050 _aQL112 .O39
082 _a591.734
100 _aO'Hare, Ted
245 _aRain forest at night :
_bRain forest today /
_cTed O'Hare
260 _aFlorida :
_bRourke Publishing,
_c2005.
300 _a24 pages :
_bcolor illustrations ;
_c19 cm
505 _aN
520 _aIntroduces some of the rain forest animals that are most active after darkness falls, including sloths, snakes, bats, frogs, and others.
521 8 _a530
_bLexile estimate
521 8 _aN
_bRaz-Plus
650 _aRain Forest
942 _2ddc
_cBK
_n0
999 _c6913
_d6913